Score 0/100 Timer 12:00
10 Plays Today
% Correct
1.Emily
76.7%
12.Sarah
70.4%
3.Emma
69%
24.Anna
68.6%
10.Ashley
67.8%
37.Katherine
67%
5.Hannah
65.8%
9.Elizabeth
64.7%
33.Rachel
64.5%
69.Jenna
63.8%
21.Natalie
62.1%
8.Samantha
60.7%
36.Megan
58%
61.Gabrielle
57.5%
4.Olivia
56.7%
2.Madison
55.5%
18.Brianna
55.3%
43.Maria
54.8%
71.Rebecca
53.8%
34.Ella
53.5%
25.Victoria
50.3%
23.Jessica
50.3%
53.Andrea
49.4%
40.Alexandra
48.8%
16.Ava
47.7%
31.Morgan
47.7%
60.Gabriella
47.3%
6.Abigail
47.1%
67.Riley
46.6%
39.Jennifer
46.4%
7.Isabella
46.2%
15.Grace
45.9%
42.Haley
45.2%
13.Sophia
44.8%
% Correct
44.Kaylee
44.3%
30.Julia
44.3%
14.Alyssa
44.3%
11.Alexis
44.3%
19.Lauren
44.3%
49.Nicole
43.8%
20.Chloe
43.5%
50.Addison
43.3%
90.Brooklyn
42.4%
70.Sara
42.4%
58.Alexa
42.3%
17.Taylor
42%
65.Mary
41.8%
22.Kayla
41.6%
51.Stephanie
40.8%
41.Allison
40%
96Melanie
38.2%
75.Jordan
37.7%
76.Angelina
37.3%
54.Zoe
37.1%
55.Faith
36.9%
68.Leah
36.7%
88.Jada
36.5%
56.Kimberly
36%
45.Lily
36%
93.Isabel
35.6%
95.Danielle
35.5%
26.Mia
35.1%
99.Molly
35%
35.Kaitlyn
34.7%
63.Amanda
33.5%
72.Michelle
33.2%
57.Madeline
32.8%
27.Hailey
32.4%
% Correct
29.Jasmine
32.1%
100.Amelia
31.6%
77.Caroline
31.4%
86.Nevaeh
31.2%
64.Kylie
31%
46.Makayla
30.6%
62.Trinity
30.6%
83.Autumn
30.5%
66.Paige
30.2%
73.Sofia
29.9%
52.Lillian
29.8%
74.Vanessa
28.4%
98.Erin
28.1%
82.Claire
28.1%
28.Sydney
27.5%
48.Mackenzie
27%
78.Avery
26.5%
47.Brooke
26.5%
89.Bailey
26.5%
38.Savannah
26%
92Amber
25.5%
79.Audrey
25%
32.Destiny
24.7%
80.Evelyn
24.3%
81.Maya
24.1%
59.Katelyn
22.6%
85.Ariana
20.7%
87.Arianna
19.6%
97.Sierra
19.6%
84.Jocelyn
19.4%
91.Aaliyah
18.8%
94.Mariah
17.8%
Remove Ads.
Support Sporcle.
Get the best of Sporcle when you Go Orange. This ad-free experience offers more features, more stats, and more fun while also helping to support Sporcle. Thank you for becoming a member.

You're not logged in!

Compare scores with friends on all Sporcle quizzes.
OR
Log In

Sporcle TV

Today on Sporcle TV


Watch our educational content, quiz creation guides, and fun videos on Sporcle TV.

Show Comments

Extras

Top Quizzes Today


Score Distribution

Paid Content

Your Account Isn't Verified!

In order to create a playlist on Sporcle, you need to verify the email address you used during registration. Go to your Sporcle Settings to finish the process.

Report this User

Report this user for behavior that violates our Community Guidelines.

Details: